000 00358nam a2200109Ia 4500
008 171211s9999 xx 000 0 und d
245 4 _aThe Francis Ford Coppola Encyclopedia
245 _cGene D. Phillips, James M. Welsh, and Rodney F. Hill
260 _c2010
650 _xEncyclopedia and Dictionary
856 _uhttp://down.ebook777.com/058/0810876507.pdf
999 _c350160
_d350160